01430nam a2200349Ia 4500001001200000003000800012006001900020007001500039008004100054010001700095020001500112020002800127040002100155035002100176050002500197082002400222100001700246245011400263250001200377260004300389300001900432490004100451504006600492533015200558650004900710650006300759655002900822710001700851830006900868856012600937999001701063ebr10150449CaPaEBRm u cr cn|||||||||051110s2006 nyua sb 001 0 eng d z 2005056605 z140398302X z1403973016 (alk. paper) aCaPaEBRcCaPaEBR a(OCoLC)56796285314aHV774.A6bI67 2006eb04a362.70945/090342221 aIpsen, Carl.10aItaly in the age of Pinocchioh[electronic resource] :bchildren and danger in the liberal era /cCarl Ipsen. a1st ed. aNew York :bPalgrave Macmillan,c2006. a261 p. :bill.1 aItalian and Italian American studies aIncludes bibliographical references (p. [235]-252) and index. aElectronic reproduction.bPalo Alto, Calif. :cebrary,d2009.nAvailable via World Wide Web.nAccess may be limited to ebrary affiliated libraries. 0aPoor childrenzItalyxHistoryy19th century. 0aPoor childrenxServices forzItalyxHistoryy19th century. 7aElectronic books.2local2 aebrary, Inc. 0aItalian and Italian American studies (Palgrave Macmillan (Firm))40uhttp://site.ebrary.com/lib/rucke/Doc?id=10150449zAn electronic book accessible through the World Wide Web; click to view c94626d94626